| 000 | 00653nam a2200229 a 4500 | ||
|---|---|---|---|
| 001 | 5787 | ||
| 003 | CO-ViMGA | ||
| 008 | 141112s2004 ck r 000 u spa d | ||
| 040 |
_aCO-ViMGA _bspa _cCO-ViMGA |
||
| 082 | 0 | 4 | _a658.3 A741a |
| 100 | 1 |
_aArias Galicia, Fernando _94299 |
|
| 245 | 1 | 0 | _aAdministración de recursos humanos |
| 250 | _a4a | ||
| 260 |
_aMexico : _bTrillas, _c1989 |
||
| 300 | _a535 p : il | ||
| 490 | _aBiblioteca de ciencias de la administración | ||
| 590 | _aDatos de inventario : 03018 | ||
| 650 | 1 | 4 |
_aANALISIS DEL PUESTO _94300 |
| 650 | 1 | 4 |
_aPERSONAL - DIRECCION _94301 |
| 650 | 1 | 4 |
_aRECURSO HUMANO _952722 |
| 942 |
_2ddc _cBK |
||
| 999 |
_c17765 _d17765 |
||